O livro das sete cores (Registo nº 3788)

Detalhes MARC
000 -Etiqueta do registo
Cabeçalho 00708nam a2200253 4500
005 - Identificador da versão
Campo de controlo 20240813122044.0
010 ## - Número internacional normalizado dos livros (ISBN)
Número (ISBN) 9722118277
021 ## - Número do Depósito Legal
Código do país PT
Número 247854/06
100 ## - Dados gerais de processamento
Dados gerais de processamento 20041117d2006 c y0pory5003 ba
102 ## - Pais de publicação ou produção
País de publicação Portugal
101 0# - Língua de publicação
Língua do texto, banda sonora, etc. Português
215 ## - Descrição física 
Indicação específica da natureza do documento e extensão da espécie [28] p.
Outras indicações físicas il.
Dimensões 21 cm
200 1# - Titulo e menção de responsabilidade
Título próprio O livro das sete cores
Primeira menção de responsabilidade Maria Alberta Menéres
Outras menções de responsabilidade il. Jorge Martins
205 ## - Menção da edição
Menção da edição 2ª ed
210 ## - Publicação, Distribuição, etc. 
Lugar da edição, distribuição, etc. Lisboa
Nome do editor, distribuidor, etc. Caminho
Data da publicação, distribuição, etc. 2006
606 ## - Nome comum usado como assunto
Número de registo de entrada de autoridade 0000001
Palavra de ordem Literatura portuguesa
Subdivisão de assunto Conto|2CA
675 ## - Classificação Decimal Universal (CDU)
Notação 821.134.3-34
Edição 3ª ed.
Língua da edição por
702 #0 - Nome de autor-pessoa física (responsabilidade secundária)
Número de registo de entrada de autoridade 0000207
Palavra de ordem Martins
Outra parte do nome não tomada para palavra de ordem Jorge
Código de função Ilustrador / Técnico de desenho computorizado
700 #1 - Nome de autor-pessoa física (responsabilidade principal)
Número de registo de entrada de autoridade 0000051
Palavra de ordem Menéres
Outra parte do nome não tomada para palavra de ordem Maria Alberta
Datas 1930-
942 ## - Elementos de entrada adicionados (Koha)
Tipo de item no Koha Livro
Exemplares
Situação do levantamento Origin of item (home branch) (coded) Biblioteca de empréstimo Código de barras Cota Circulation type (not for loan) Tipo de documento Nota do exemplar Damaged status
  Biblioteca Escolar das Vendas Biblioteca Escolar das Vendas BEV1548 8POR MEN   Livro Sem mensagem